000 00956nas a2200313 4500
001 BR2013008683
003 BR-BrBNA
005 20231205123139.0
007 ta
008 230509b bl.|||p| |||| 00| 00por d
040 _aBR-BrBNA
_bpor
_cBiblioteca Nacional de Agricultura
041 _a(En)
072 _aQ04; E73
100 1 _aDias, N.A.A.
100 1 _aLara, S.B.
100 1 _aMiranda, L.S.
100 1 _aPires, I.S.C.
100 1 _aPires, C.V.
100 1 _aHalboth, N.V.
245 1 _aInfluence of color on acceptance and identification of flavor of foods by adults
650 _aCOR
650 _aSABOR
650 _aANÁLISE ORGANOLÉPTICA
650 _aCONSUMIDOR
773 0 _tCiência e Tecnologia de Alimentos (Brazil)
_xISSN 1678-457X
_g(Apr-Jun 2012), v. 32(2) p. 296-301
_wBR2013008683
856 4 0 _uhttp://www.scielo.br/pdf/cta/v32n2/aop_4935.pdf
909 _a202311
_bLúcia
_c55
_dLúcia Elande
942 _2AGRIS
_n0
_cANA
999 _c232405
_d232405